[Event "36 R.G.Nezhmetdinov Memorial"]
[Site "Kazan"]
[Date "2014.06.06"]
[Round "7.9"]
[White "Fedorov, Alexei"]
[Black "Ulko, Yaroslav"]
[Result "0-1"]
[WhiteElo "2574"]
[BlackElo "2422"]
[PlyCount "160"]
[EventDate "2014.??.??"]

1. e4 c5 2. Nf3 e6 3. d4 cxd4 4. Nxd4 Nc6 5. Nb5 d6 6. c4 Nf6 7. N1c3 a6 8. Na3
Be7 9. Be2 b6 10. Be3 Ne5 11. O-O Bb7 12. f3 Ned7 13. Nc2 O-O 14. Nd4 Rc8 15.
Rc1 Re8 16. Qd2 Ne5 17. Na4 Ned7 18. b4 Bf8 19. Bf2 d5 20. exd5 exd5 21. Nb2
dxc4 22. Nxc4 Nd5 23. a3 Qf6 24. Rfd1 Rcd8 25. Bf1 g6 26. Re1 h5 27. Rxe8 Rxe8
28. Re1 Rc8 29. Re4 b5 30. Na5 Ba8 31. Qe1 Qd8 32. Nab3 Nc3 33. Re3 Nd5 34. Re2
Nf4 35. Rd2 Qf6 36. g3 Nd5 37. Bh3 N5b6 38. Re2 Rd8 39. Nd2 Nc4 40. Nxc4 bxc4
41. Bg2 Bg7 42. f4 Bxg2 43. Kxg2 Nf8 44. Re4 Qd6 45. Nf3 Qc6 46. Qe2 Rd3 47.
Bc5 Qd5 48. Bxf8 Bxf8 49. Re5 Qc6 50. Qe4 Qxe4 51. Rxe4 Rxa3 52. Rxc4 Ra4 53.
Ne5 Rxb4 54. Rc8 Rd4 55. Ra8 Rd6 56. h3 Kg7 57. Ra7 Rf6 58. Kf3 Bc5 59. Ra8 Bd4
60. Ke4 Bxe5 61. fxe5 Rb6 62. Ra7 Kf8 63. Kf4 Rb4+ 64. Kg5 Rb3 65. Kf4 Ra3 66.
g4 Rxh3 67. e6 fxe6 68. Ra8+ Ke7 69. Ra7+ Kd8 70. gxh5 Rxh5 71. Rxa6 Ke7 72.
Ra8 Rf5+ 73. Ke4 g5 74. Ra7+ Kf6 75. Ra8 g4 76. Rg8 Rg5 77. Rf8+ Ke7 78. Rf2 g3
79. Rg2 Kf6 80. Kf4 Rg8 {Ke5+ Kxe5} 0-1

[Event "36 R.G.Nezhmetdinov Memorial"]
[Site ", "]
[Date "2014.06.06"]
[Round "7.10"]
[White "Shariyazdanov, Andrey"]
[Black "Yagupov, Igor"]
[Result "1/2-1/2"]
[WhiteElo "2568"]
[BlackElo "2414"]
[PlyCount "114"]
[EventDate "2014.??.??"]

1. d4 d5 2. c4 c6 3. Nf3 Nf6 4. Nc3 e6 5. e3 Nbd7 6. Bd3 dxc4 7. Bxc4 b5 8. Bd3
Bd6 9. O-O O-O 10. Bd2 Bb7 11. Rc1 Rc8 12. a3 a5 13. e4 e5 14. dxe5 Nxe5 15.
Nxe5 Bxe5 16. Qe2 Re8 17. Rfd1 Qd6 18. g3 Rcd8 19. Bb1 Qe6 20. f3 Bd4+ 21. Be3
Bxe3+ 22. Qxe3 Bc8 23. Ba2 Qe7 24. Ne2 Rxd1+ 25. Rxd1 Be6 26. Bxe6 Qxe6 27. Nd4
Qd7 28. Rd2 Rd8 29. Kg2 h6 30. Qc3 a4 31. Nb3 Qc7 32. Rxd8+ Qxd8 33. Nd4 Kh7
34. Nxc6 Qd1 35. Nd4 Nd7 36. Qe3 Ne5 37. Nxb5 Nc4 38. Qf2 Qd3 39. Nc3 Ne3+ 40.
Kg1 g5 41. h3 h5 42. Kh1 Kg8 43. Qe2 Qd4 44. Nxa4 Nd1 45. Nb6 Nxb2 46. Nd5 Nd3
47. Kh2 h4 48. gxh4 gxh4 49. f4 Kf8 50. a4 Nc5 51. Qe3 Qb2+ 52. Kg1 Qb1+ 53.
Kg2 Nxe4 54. Qd4 Qc2+ 55. Kg1 Qb1+ 56. Kg2 Qc2+ 57. Kg1 Qb1+ 1/2-1/2

[Event "36 R.G.Nezhmetdinov Memorial"]
[Site ", "]
[Date "2014.06.06"]
[Round "7.11"]
[White "Ibragimov, Ildar"]
[Black "Tokarev, Ilya"]
[Result "1-0"]
[WhiteElo "2557"]
[BlackElo "2295"]
[PlyCount "67"]
[EventDate "2014.??.??"]

1. d4 d5 2. c4 c6 3. Nf3 Nf6 4. Nc3 a6 5. e3 b5 6. c5 Nbd7 7. a3 Qc7 8. b4 g6
9. a4 Rb8 10. Qc2 Bg7 11. axb5 axb5 12. Bb2 O-O 13. Be2 Re8 14. O-O e5 15. Ra5
exd4 16. exd4 Nf8 17. Bd3 Ne6 18. Ne2 Nf4 19. Nxf4 Qxf4 20. Bc1 Qc7 21. Ne5 Ng4
22. Nxg4 Bxg4 23. Be3 f5 24. Qd2 Ra8 25. Rfa1 Rxa5 26. bxa5 g5 27. Bxg5 Bxd4
28. Re1 Rxe1+ 29. Qxe1 Kf7 30. Qb4 Bg7 31. h3 Bh5 32. Qf4 Be5 33. Qxf5+ Kg8 34.
Bh6 1-0

[Event "36 R.G.Nezhmetdinov Memorial"]
[Site ", "]
[Date "2014.06.06"]
[Round "7.12"]
[White "Shaposhnikov, Evgeny"]
[Black "Smirnov, Alexey"]
[Result "1-0"]
[WhiteElo "2550"]
[BlackElo "2407"]
[PlyCount "46"]
[EventDate "2014.??.??"]

1. Nf3 c5 2. c4 Nf6 3. Nc3 Nc6 4. e3 e6 5. d4 cxd4 6. exd4 d5 7. c5 Be7 8. Bb5
O-O 9. O-O Ne4 10. Qd3 Nxc3 11. Qxc3 Bd7 12. Bf4 f6 13. Rfe1 Re8 14. Bg3 Bf8
15. Bd3 b6 16. b4 bxc5 17. dxc5 e5 18. b5 e4 19. bxc6 Bg4 20. Bb5 exf3 21. c7
Rxe1+ 22. Rxe1 Qc8 23. Bc6 fxg2 1-0

[Event "36 R.G.Nezhmetdinov Memorial"]
[Site ", "]
[Date "2014.06.06"]
[Round "7.13"]
[White "Matinian, Nikita"]
[Black "Gaifullin, Artur"]
[Result "1-0"]
[WhiteElo "2478"]
[BlackElo "2130"]
[PlyCount "55"]
[EventDate "2014.??.??"]

1. e4 e5 2. Nf3 Nc6 3. Bb5 Nf6 4. O-O Nxe4 5. d4 Nd6 6. Bxc6 dxc6 7. dxe5 Nf5
8. Qxd8+ Kxd8 9. Nc3 h6 10. Rd1+ Ke8 11. b3 Be6 12. Bb2 a5 13. a4 Bb4 14. Ne2
Bc5 15. Nf4 Rd8 16. c4 Be7 17. g4 Nh4 18. Nxh4 Bxh4 19. h3 Be7 20. Kg2 g6 21.
Nxe6 fxe6 22. Bc3 b6 23. f4 Kf7 24. Kf3 h5 25. Ke4 hxg4 26. hxg4 Rh4 27. Rxd8
Bxd8 28. Rd1 1-0

[Event "36 R.G.Nezhmetdinov Memorial"]
[Site ", "]
[Date "2014.06.06"]
[Round "7.14"]
[White "Ponfilenok, Vladimir"]
[Black "Bocharov, Dmitry"]
[Result "0-1"]
[WhiteElo "2399"]
[BlackElo "2598"]
[PlyCount "84"]
[EventDate "2014.??.??"]

1. d4 g6 2. Nf3 Bg7 3. g3 c5 4. d5 b5 5. e4 a6 6. a4 b4 7. Bg2 d6 8. O-O Bg4 9.
Nbd2 Nf6 10. h3 Bxf3 11. Qxf3 O-O 12. Nc4 Nfd7 13. Qe2 Nb6 14. a5 Nxc4 15. Qxc4
Nd7 16. f4 Qc7 17. Ra2 Rfb8 18. Bd2 Ra7 19. Rfa1 Rb5 20. Bf1 b3 21. cxb3 Qb8
22. Bc3 Bxc3 23. bxc3 Rxb3 24. Re1 Rab7 25. Rae2 Qc7 26. Re3 Qxa5 27. Qxa6 Qxa6
28. Bxa6 Ra7 29. Bc4 Rb2 30. Bf1 Nb6 31. R1e2 Rb3 32. Rc2 Raa3 33. Kf2 Na4 34.
Kf3 Rxc3 35. Rcxc3 Nxc3 36. Bc4 Kf8 37. e5 f6 38. exd6 exd6 39. Kg4 Nb5 40.
Rxa3 Nxa3 41. Ba6 c4 42. Kf3 c3 0-1

[Event "36 R.G.Nezhmetdinov Memorial"]
[Site ", "]
[Date "2014.06.06"]
[Round "7.15"]
[White "Samusenko, Maksim"]
[Black "Volkov, Sergey"]
[Result "0-1"]
[WhiteElo "2306"]
[BlackElo "2584"]
[PlyCount "118"]
[EventDate "2014.??.??"]

1. e4 e6 2. d4 d5 3. Nd2 Nf6 4. e5 Nfd7 5. Bd3 c5 6. c3 Nc6 7. Ne2 cxd4 8. cxd4
f6 9. Nf4 Nxd4 10. Qh5+ Ke7 11. exf6+ Nxf6 12. Ng6+ hxg6 13. Qxh8 Kf7 14. Qh4
e5 15. Nf3 Nxf3+ 16. gxf3 Bf5 17. Bxf5 gxf5 18. Bg5 d4 19. O-O-O Rc8+ 20. Kb1
Rc6 21. Qh3 Qd7 22. Rhe1 f4 23. Qxd7+ Nxd7 24. a3 a5 25. h4 Bd6 26. h5 Nb6 27.
Bxf4 exf4 28. Rxd4 Kf6 29. Rg1 Be5 30. Rg6+ Ke7 31. Rxc6 bxc6 32. Re4 Kd6 33.
Kc2 Kd5 34. b3 c5 35. a4 Nc8 36. Re1 Nd6 37. Rd1+ Bd4 38. Rg1 Nf5 39. Rg5 Ke6
40. Kd3 Bf6 41. Rg4 Ke5 42. Kc4 Nd4 43. Kxc5 Kf5 44. b4 Nxf3 45. Rg6 Bd4+ 46.
Kb5 axb4 47. Kxb4 Ne5 48. Rg1 Ng4 49. a5 Bxf2 50. Rf1 Ba7 51. a6 Ne3 52. Rh1
Ng4 53. Rf1 Ne5 54. Rh1 Kg5 55. Kc3 f3 56. Kd2 Ng4 57. Rh3 Kf4 58. Ke1 Nh6 59.
Rh4+ Kg3 0-1

[Event "36 R.G.Nezhmetdinov Memorial"]
[Site ", "]
[Date "2014.06.06"]
[Round "7.16"]
[White "Toropov, Pavel"]
[Black "Mozharov, Mikhail"]
[Result "1/2-1/2"]
[WhiteElo "2305"]
[BlackElo "2552"]
[PlyCount "80"]
[EventDate "2014.??.??"]

1. c4 c5 2. Nf3 Nc6 3. d4 cxd4 4. Nxd4 Nf6 5. Nc3 e6 6. e3 Bb4 7. Ndb5 O-O 8.
a3 Be7 9. Be2 a6 10. Nd4 Qc7 11. b3 b6 12. Bb2 Bb7 13. O-O Ne5 14. Rc1 Rac8 15.
f4 Nc6 16. Bf3 Rfd8 17. Nxc6 Bxc6 18. Bxc6 Qxc6 19. Qf3 Qxf3 20. gxf3 d6 21.
Rfd1 Nd7 22. Ne4 Rc6 23. Kf2 f5 24. Nd2 Kf7 25. Ke2 h6 26. Rg1 Rg8 27. b4 Rcc8
28. e4 g6 29. Bd4 Rb8 30. Be3 Bf6 31. Rb1 Rgc8 32. Rgc1 Rc7 33. Rc2 Rbc8 34.
Rbc1 Ra8 35. Nb3 a5 36. b5 a4 37. Nd4 Bxd4 38. Bxd4 Rac8 39. Be3 Ke7 40. Rc3
Nc5 1/2-1/2

[Event "36 R.G.Nezhmetdinov Memorial"]
[Site ", "]
[Date "2014.06.06"]
[Round "7.17"]
[White "Demidov, Mikhail"]
[Black "Rodchenkov, Vitaly"]
[Result "0-1"]
[WhiteElo "2512"]
[BlackElo "2328"]
[PlyCount "104"]
[EventDate "2014.??.??"]

1. Nc3 c5 2. Nf3 d6 3. d4 cxd4 4. Nxd4 Nf6 5. g3 h6 6. Bg2 a6 7. O-O e6 8. a4
Be7 9. a5 Nbd7 10. Nb3 e5 11. Be3 h5 12. h3 Rb8 13. Qd3 Qc7 14. Bg5 b6 15. axb6
Rxb6 16. Rfd1 Rb4 17. Na5 Rd4 18. Qe3 Rxd1+ 19. Nxd1 d5 20. Qc3 Bd6 21. Qxc7
Bxc7 22. Bd2 Ne4 23. Bb4 f5 24. Nc6 Bb7 25. Ba5 Bd6 26. Nb4 h4 27. gxh4 d4 28.
c3 Ndc5 29. Nd3 Nb3 30. Ra2 Rxh4 31. Bb4 Rh6 32. Ra3 Rg6 33. Bxd6 Ned2 34. f3
e4 35. fxe4 Bxe4 36. Nf4 Rxd6 37. Bxe4 fxe4 38. cxd4 Rf6 39. e3 g5 40. Rxb3
Nxb3 41. Nd5 Rf7 42. Kg2 Nd2 43. N1c3 Kf8 44. Na4 a5 45. Nc5 Rf1 46. Nc3 Rc1
47. Kg3 Nc4 48. N3a4 Rc2 49. b3 Nxe3 50. Nxe4 Nf5+ 51. Kf3 Nxd4+ 52. Ke3 Nxb3
0-1

[Event "36 R.G.Nezhmetdinov Memorial"]
[Site ", "]
[Date "2014.06.06"]
[Round "7.18"]
[White "Gavrilov, Alexei"]
[Black "Amerzianov, Timur"]
[Result "1-0"]
[WhiteElo "2491"]
[BlackElo "2301"]
[PlyCount "76"]
[EventDate "2014.??.??"]

1. e4 c5 2. Nf3 d6 3. Bb5+ Bd7 4. Bxd7+ Nxd7 5. O-O Ngf6 6. Qe2 e6 7. b3 Be7 8.
Bb2 O-O 9. c4 e5 10. Ne1 Ne8 11. Nc2 Nc7 12. Nc3 Ne6 13. Ne3 Nd4 14. Qg4 Nf6
15. Qd1 Ne6 16. d3 Nd7 17. g3 g6 18. Ncd5 f6 19. f4 Nc7 20. Nxc7 Qxc7 21. Qg4
Rf7 22. h4 Nf8 23. h5 Qd7 24. hxg6 hxg6 25. f5 Rg7 26. Kg2 gxf5 27. Qxf5 Ne6
28. Rh1 Rd8 29. Kf2 Ng5 30. Rh6 Nh7 31. Rah1 Bf8 32. Qf3 Rf7 33. R6h5 f5 34.
Nxf5 Qe6 35. Bc1 Rdd7 36. Ke2 Rf6 37. g4 a6 38. Qh3 Rff7 1-0

[Event "36 R.G.Nezhmetdinov Memorial"]
[Site ", "]
[Date "2014.06.06"]
[Round "7.19"]
[White "Galliamova, Alisa"]
[Black "Gorozhanin, Mikhail"]
[Result "1-0"]
[WhiteElo "2466"]
[BlackElo "2299"]
[PlyCount "69"]
[EventDate "2014.??.??"]

1. d4 d5 2. c4 e6 3. Nf3 Nf6 4. e3 c6 5. b3 Bb4+ 6. Bd2 Bd6 7. Bd3 Nbd7 8. Nc3
Qe7 9. O-O O-O 10. e4 dxc4 11. Bxc4 e5 12. d5 Nc5 13. dxc6 bxc6 14. Re1 Bg4 15.
h3 Be6 16. Qe2 Nfd7 17. Be3 Bxc4 18. Qxc4 Nb6 19. Qe2 Ne6 20. Rac1 Rfc8 21. Rc2
f6 22. a4 Bb4 23. Rec1 Ba3 24. Rd1 Qb4 25. Nb1 Qxb3 26. Bxb6 axb6 27. Rc3 Nf4
28. Rxb3 Nxe2+ 29. Kf1 Bc5 30. Kxe2 Rxa4 31. Nc3 Ra7 32. Rc1 Rd8 33. Rc2 Kf7
34. Nb1 Ke6 35. Nbd2 1-0

[Event "36 R.G.Nezhmetdinov Memorial"]
[Site ", "]
[Date "2014.06.06"]
[Round "7.20"]
[White "Pasiev, Rakhim"]
[Black "Turkin, Viktor"]
[Result "0-1"]
[WhiteElo "2410"]
[BlackElo "2285"]
[PlyCount "70"]
[EventDate "2014.??.??"]

1. e4 c5 2. Nf3 e6 3. d3 Nc6 4. g3 d6 5. Bg2 g6 6. O-O Bg7 7. c3 Nge7 8. Be3
O-O 9. Qd2 Re8 10. Bh6 Bh8 11. Na3 Rb8 12. Nc2 b5 13. d4 cxd4 14. cxd4 d5 15.
e5 Nf5 16. Bg5 f6 17. exf6 Bxf6 18. Bxf6 Qxf6 19. Rfe1 Nd6 20. Ne5 Nd8 21. b4
Nc4 22. Qc3 Nxe5 23. Rxe5 Bd7 24. Qc7 Rb7 25. Qc5 Nc6 26. Ree1 Qf8 27. Ne3 Qxc5
28. dxc5 Kg7 29. a3 a5 30. Rab1 axb4 31. axb4 Ra8 32. Nc2 Ra2 33. Re2 Rba7 34.
Kf1 R7a4 35. Bh3 Kf6 0-1

[Event "36 R.G.Nezhmetdinov Memorial"]
[Site ", "]
[Date "2014.06.06"]
[Round "7.21"]
[White "Glukhov, Alexander"]
[Black "Faizrakhmanov, Ramil"]
[Result "1-0"]
[WhiteElo "2185"]
[BlackElo "2364"]
[PlyCount "91"]
[EventDate "2014.??.??"]

1. e4 c6 2. d4 d5 3. Nc3 dxe4 4. Nxe4 Bf5 5. Ng3 Bg6 6. Nf3 Nd7 7. Bd3 e6 8.
Bxg6 hxg6 9. Bf4 Ngf6 10. Qe2 Qa5+ 11. Bd2 Bb4 12. Bxb4 Qxb4+ 13. c3 Qa5 14.
O-O O-O 15. Rfe1 Rfd8 16. a3 c5 17. b4 cxb4 18. axb4 Qc7 19. c4 a6 20. Ra3 Rac8
21. c5 Nb8 22. b5 axb5 23. Qxb5 Nc6 24. Qb2 Rd5 25. Rb3 Rd7 26. Rb1 Rcd8 27.
Rxb7 Qxb7 28. Qxb7 Rxb7 29. Rxb7 Nxd4 30. Ne5 Ne2+ 31. Kf1 Nc3 32. f3 Rd1+ 33.
Kf2 Rd2+ 34. Ke3 Rxg2 35. Rb8+ Kh7 36. Nxf7 Ng8 37. Ng5+ Kh6 38. Nf7+ Kh7 39.
Kd4 Ne2+ 40. Nxe2 Rxe2 41. Ng5+ Kh8 42. c6 Rc2 43. Rc8 e5+ 44. Kd5 e4 45. Ke6
Rc3 46. Nxe4 1-0

[Event "36 R.G.Nezhmetdinov Memorial"]
[Site ", "]
[Date "2014.06.06"]
[Round "7.22"]
[White "Petrov, Nikita"]
[Black "Yuferev, Oleg"]
[Result "1/2-1/2"]
[WhiteElo "2359"]
[BlackElo "2250"]
[PlyCount "57"]
[EventDate "2014.??.??"]

1. e4 c5 2. Nf3 e6 3. c3 Nf6 4. e5 Nd5 5. d4 cxd4 6. cxd4 d6 7. Bc4 Be7 8. O-O
O-O 9. Qe2 b6 10. Bd2 Bb7 11. Nc3 Nxc3 12. Bxc3 Nd7 13. Rfd1 Qc7 14. d5 exd5
15. Bxd5 Bxd5 16. Rxd5 dxe5 17. Nxe5 Nf6 18. Rd3 Rfe8 19. Ng4 Qf4 20. Rg3 Kf8
21. Ne5 Rad8 22. Rf3 Qa4 23. b3 Qh4 24. g3 Qh5 25. g4 Nxg4 26. Nxg4 Qxg4+ 27.
Rg3 Qxe2 28. Bxg7+ Kg8 29. Bf6+ 1/2-1/2

[Event "36 R.G.Nezhmetdinov Memorial"]
[Site ", "]
[Date "2014.06.06"]
[Round "7.23"]
[White "Sadykov, Ramil"]
[Black "Gerasimov, Ivan"]
[Result "1-0"]
[WhiteElo "2288"]
[BlackElo "2346"]
[PlyCount "91"]
[EventDate "2014.??.??"]

1. e4 e5 2. Nf3 Nc6 3. Bc4 Bc5 4. c3 d6 5. d4 exd4 6. cxd4 Bb6 7. Bb5 Bd7 8.
Nc3 a6 9. Ba4 Nge7 10. O-O O-O 11. h3 h6 12. Bf4 Ng6 13. Bg3 Nce7 14. Bb3 Be6
15. Rc1 Bxb3 16. Qxb3 Qd7 17. h4 Rfe8 18. h5 Nf8 19. Rfe1 Ne6 20. Rcd1 Rab8 21.
Qc2 Kh8 22. Qd2 f6 23. e5 dxe5 24. dxe5 Qxd2 25. Rxd2 f5 26. Bh4 Ba5 27. Bxe7
Rxe7 28. Nh4 Rf7 29. g3 Nf8 30. Rd5 Bxc3 31. bxc3 Re8 32. f4 Re6 33. Kf2 Kh7
34. Rb1 b6 35. c4 Rc6 36. Rc1 g5 37. hxg6+ Nxg6 38. Nf3 Nf8 39. Nd4 Rc5 40. Nb3
Rc6 41. Nd4 Rg6 42. c5 b5 43. c6 Ne6 44. Rd7 Kg8 45. Rxf7 Kxf7 46. Nxf5 1-0

[Event "36 R.G.Nezhmetdinov Memorial"]
[Site ", "]
[Date "2014.06.06"]
[Round "7.24"]
[White "Dilmukhametov, Artur"]
[Black "Isajevsky, Anton"]
[Result "1/2-1/2"]
[WhiteElo "2164"]
[BlackElo "2416"]
[PlyCount "119"]
[EventDate "2014.??.??"]

1. e4 d6 2. d4 Nf6 3. Nc3 e5 4. Nge2 Be7 5. g3 c6 6. a4 b6 7. Bg2 Bb7 8. O-O
Nbd7 9. h3 a6 10. g4 h5 11. g5 Nh7 12. h4 Nhf8 13. f4 Ne6 14. Be3 a5 15. Bh3
Qc7 16. g6 O-O-O 17. fxe5 Bxh4 18. Rxf7 Bg5 19. Qd2 Bxe3+ 20. Qxe3 Rh6 21. Kh1
Rxg6 22. Re7 Nxd4 23. Qxd4 dxe5 24. Qxd7+ Rxd7 25. Rxd7 Qxd7 26. Bxd7+ Kxd7 27.
Kh2 Ba6 28. Ng3 Rf6 29. Rd1+ Kc7 30. Kg2 g6 31. Nf1 Bxf1+ 32. Rxf1 Rxf1 33.
Kxf1 Kd6 34. Kf2 Kc5 35. Ne2 b5 36. axb5 cxb5 37. Ke3 a4 38. Nc1 b4 39. Nd3+
Kb5 40. Nxe5 a3 41. bxa3 bxa3 42. Nf3 a2 43. Nd4+ Kc4 44. Nb3 g5 45. Kf3 Kc3
46. e5 Kxc2 47. Na1+ Kb2 48. e6 Kxa1 49. e7 Kb1 50. e8=Q a1=Q 51. Qg6+ Kb2 52.
Qf6+ Kc2 53. Qg6+ Kb3 54. Qb6+ Kc4 55. Qc6+ Kd3 56. Qe4+ Kd2 57. Qe2+ Kc1 58.
Qe1+ Kb2 59. Qb4+ Kc2 60. Qe4+ 1/2-1/2

[Event "36 R.G.Nezhmetdinov Memorial"]
[Site ", "]
[Date "2014.06.06"]
[Round "7.25"]
[White "Yandemirov, Valeri"]
[Black "Pushkin, Eduard"]
[Result "1-0"]
[WhiteElo "2403"]
[BlackElo "2150"]
[PlyCount "55"]
[EventDate "2014.??.??"]

1. e4 e5 2. Nf3 Nc6 3. Nc3 Nf6 4. d4 exd4 5. Nxd4 d6 6. Bb5 Bd7 7. Bxc6 bxc6 8.
Qf3 Ng4 9. Nxc6 Nxh2 10. Rxh2 Bxc6 11. Be3 Be7 12. Bd4 Kf8 13. O-O-O h6 14. Rh5
Bg5+ 15. Kb1 Rg8 16. Qg3 Qe8 17. Rhh1 Rb8 18. Rhe1 Qe6 19. Nd5 Bxd5 20. exd5
Qg6 21. Qc3 Rc8 22. Re2 Rh8 23. Qh3 Rd8 24. Rde1 Kg8 25. Re4 Kh7 26. f4 Bf6 27.
f5 Qg5 28. Be3 1-0

[Event "36 R.G.Nezhmetdinov Memorial"]
[Site ", "]
[Date "2014.06.06"]
[Round "7.26"]
[White "Kostin, Konstantin"]
[Black "Fakhrutdinov, Timur"]
[Result "0-1"]
[WhiteElo "2344"]
[BlackElo "2161"]
[PlyCount "114"]
[EventDate "2014.??.??"]

1. d4 Nf6 2. c4 e6 3. Nc3 Bb4 4. e3 O-O 5. Nge2 d5 6. a3 Bd6 7. Ng3 c6 8. Qc2
Re8 9. Bd3 Nbd7 10. O-O Nf8 11. b4 e5 12. dxe5 Bxe5 13. Bb2 dxc4 14. Bxc4 Ng4
15. Nce2 Qh4 16. h3 Bxb2 17. Qxb2 Nxe3 18. Bxf7+ Kxf7 19. fxe3+ Kg8 20. Rf4 Qg5
21. h4 Qe5 22. Qxe5 Rxe5 23. Kf2 Be6 24. Re4 Rxe4 25. Nxe4 a5 26. Rd1 axb4 27.
axb4 Bg4 28. Rd2 Ng6 29. Nd4 Ra4 30. Kg3 h5 31. Rb2 Ra3 32. Nc2 Ra8 33. Nf2 Be6
34. Nd4 Ra3 35. Nc2 Ra4 36. Nd4 Bd5 37. e4 Ra3+ 38. Nf3 Bc4 39. Nh3 Ne5 40. Nf4
Re3 41. Nxh5 Nd3 42. Rb1 Rxe4 43. Ra1 Bf7 44. Ra8+ Re8 45. Rxe8+ Bxe8 46. Kg4
Nxb4 47. Nf4 Nc2 48. Ne5 b5 49. Kf3 c5 50. Ne6 c4 51. Ke4 Ne1 52. g4 c3 53. Ke3
b4 54. Nd4 Ba4 55. Ke2 Nc2 56. Kd3 Nxd4 57. Kxd4 Bb5 0-1

[Event "36 R.G.Nezhmetdinov Memorial"]
[Site ", "]
[Date "2014.06.06"]
[Round "7.27"]
[White "Pershin, Denis"]
[Black "Morgunov, Anatoly"]
[Result "1-0"]
[WhiteElo "2157"]
[BlackElo "2307"]
[PlyCount "140"]
[EventDate "2014.??.??"]

1. e4 e6 2. d4 d5 3. Nc3 Bb4 4. e5 c5 5. Qg4 Ne7 6. dxc5 Qa5 7. Bd2 Ng6 8. Nf3
Nc6 9. h4 h5 10. Qg5 Qd8 11. Qg3 a6 12. Bd3 Nce7 13. Bg5 Qa5 14. Bxe7 Bxc3+ 15.
bxc3 Qxc3+ 16. Ke2 Kxe7 17. Qg5+ Kd7 18. Bxg6 fxg6 19. Qxg6 Kc7 20. Rhd1 Qc4+
21. Qd3 Qg4 22. Qc3 Bd7 23. Qa5+ Kc8 24. a4 Rf8 25. Rd3 Rf4 26. c6 Bxc6 27. Qc5
Kd7 28. Rd4 Ke8 29. Rxf4 Qxf4 30. Qd4 Qf5 31. Qd3 g6 32. Qxf5 gxf5 33. Nd4 Kd7
34. f3 Rb8 35. Ke3 b6 36. Kf4 Rg8 37. Rb1 Rb8 38. a5 b5 39. Nb3 Ke7 40. Nc5 Bd7
41. Rb2 Ra8 42. Ke3 Rg8 43. Nxa6 Ra8 44. Nb4 Rxa5 45. Ra2 Ra4 46. c3 Be8 47. g3
Bd7 48. Kd4 Kd8 49. Kc5 Kc7 50. Rxa4 bxa4 51. Nc2 Kb7 52. Kb4 Kb6 53. Nd4 a3
54. Kxa3 Kc5 55. Kb3 Bc8 56. Kc2 Kc4 57. Kd2 Bd7 58. g4 fxg4 59. fxg4 Be8 60.
gxh5 Bxh5 61. Nxe6 Bg4 62. Nd4 Kc5 63. Ke3 Kc4 64. Kd2 Bh5 65. Nf5 Bg6 66. Nd6+
Kc5 67. Ke3 Bh5 68. Kf4 d4 69. Ne4+ Kc4 70. cxd4 Kxd4 1-0

[Event "36 R.G.Nezhmetdinov Memorial"]
[Site ", "]
[Date "2014.06.06"]
[Round "7.28"]
[White "Denisov, Lev"]
[Black "Ofitserian, Boris"]
[Result "1/2-1/2"]
[WhiteElo "2302"]
[BlackElo "2132"]
[PlyCount "92"]
[EventDate "2014.??.??"]

1. e4 c5 2. Nf3 d6 3. d4 cxd4 4. Nxd4 Nf6 5. Nc3 a6 6. Bg5 e6 7. f4 Be7 8. Qe2
h6 9. Bxf6 Bxf6 10. O-O-O Qc7 11. h4 Nc6 12. Nxc6 bxc6 13. Rh3 d5 14. exd5
Qxf4+ 15. Kb1 Bxc3 16. Rxc3 cxd5 17. g3 Qd6 18. Rcd3 O-O 19. c4 a5 20. Qe3 Ba6
21. Rd4 Qb6 22. cxd5 Bxf1 23. Rxf1 exd5 24. Qd2 Qg6+ 25. Qd3 Qb6 26. Rxd5 Rab8
27. Qd4 Qg6+ 28. Qd3 Qb6 29. Qd4 Qg6+ 30. Qd3 Qe6 31. Rc1 a4 32. Rd4 Qb6 33.
Qc3 a3 34. b3 Qf6 35. Rd2 Qf5+ 36. Qd3 Qe5 37. Qd6 Qe4+ 38. Qd3 Qe5 39. Qd6
Rxb3+ 40. axb3 a2+ 41. Kxa2 Ra8+ 42. Kb1 Qa1+ 43. Kc2 Rc8+ 44. Kd3 Qxc1 45. Ke2
Qg1 46. Qe5 Qg2+ 1/2-1/2

[Event "36 R.G.Nezhmetdinov Memorial"]
[Site ", "]
[Date "2014.06.06"]
[Round "7.29"]
[White "Filipenko, Alexander V"]
[Black "Murzin, Lenar"]
[Result "0-1"]
[WhiteElo "2293"]
[BlackElo "2115"]
[PlyCount "86"]
[EventDate "2014.??.??"]

1. e4 c5 2. Nf3 e6 3. d4 cxd4 4. Nxd4 Nc6 5. Nc3 Qc7 6. f4 a6 7. Nxc6 Qxc6 8.
Bd3 b5 9. Qe2 Bb7 10. Bd2 Bc5 11. a3 Ne7 12. O-O-O O-O 13. Kb1 f5 14. g4 Rf7
15. gxf5 exf5 16. Rhf1 Bd4 17. exf5 Raf8 18. Ne4 Nxf5 19. Ng5 Re7 20. Qg4 g6
21. Rde1 Rxe1+ 22. Rxe1 Bg7 23. Be4 Qb6 24. Qg2 Bxe4 25. Qxe4 Qd4 26. Qxd4 Bxd4
27. Nf3 Bf6 28. Ne5 Bxe5 29. Rxe5 Rc8 30. Rd5 d6 31. Kc1 Kf7 32. Rd3 Ke6 33.
Kd1 Rc4 34. Rh3 h5 35. Rd3 d5 36. Rf3 Rxc2 37. Rb3 Rc4 38. h3 h4 39. Rf3 Nd6
40. Be1 Kf5 41. Rd3 Ke4 42. Rd2 Nf5 43. Re2+ Ne3+ 0-1

[Event "36 R.G.Nezhmetdinov Memorial"]
[Site ", "]
[Date "2014.06.06"]
[Round "7.30"]
[White "Ovchinnikov, Vsevolod"]
[Black "Rjabzev, Konstantin"]
[Result "1/2-1/2"]
[WhiteElo "2135"]
[BlackElo "2292"]
[PlyCount "89"]
[EventDate "2014.??.??"]

1. d4 d5 2. c4 e6 3. Nf3 Nf6 4. g3 Be7 5. Bg2 O-O 6. O-O dxc4 7. Qa4 a6 8. Qxc4
b5 9. Qc2 Bb7 10. Bd2 Be4 11. Qc1 Bb7 12. Qc2 Be4 13. Qc1 Bb7 14. Rd1 Nbd7 15.
Ba5 Ra7 16. Nbd2 Qa8 17. Nb3 Bd5 18. Ne1 Bxg2 19. Nxg2 Ne4 20. f3 Nd6 21. Be1
Nc4 22. Bf2 c6 23. Ne3 Ncb6 24. Nc5 Rd8 25. Qc2 Nxc5 26. dxc5 Nd5 27. Ng4 f5
28. Ne5 Bf6 29. Nd3 Rad7 30. e4 Nc7 31. Nf4 g6 32. Qb3 Rxd1+ 33. Rxd1 Rxd1+ 34.
Qxd1 e5 35. Qb3+ Kg7 36. Ne6+ Nxe6 37. Qxe6 fxe4 38. Qd7+ Kg8 39. fxe4 a5 40.
Kg2 a4 41. Be3 Bg7 42. Qe6+ Kf8 43. Qd6+ Kf7 44. Qd7+ Kf8 45. Qd6+ 1/2-1/2

[Event "36 R.G.Nezhmetdinov Memorial"]
[Site ", "]
[Date "2014.06.06"]
[Round "7.31"]
[White "Ioffe, Dmitry"]
[Black "Lomasov, Semen"]
[Result "1-0"]
[WhiteElo "2077"]
[BlackElo "2188"]
[PlyCount "51"]
[EventDate "2014.??.??"]

1. d4 Nf6 2. Nf3 c5 3. d5 b5 4. Bg5 Ne4 5. Qd3 Nxg5 6. Nxg5 g6 7. Qf3 f5 8. Qc3
Rg8 9. e4 Bg7 10. e5 Bb7 11. Bxb5 Bxd5 12. O-O Qc7 13. Re1 h6 14. Nf3 e6 15.
Nbd2 Kf7 16. Bc4 Bb7 17. Bb3 a5 18. a4 Ba6 19. Rad1 Rc8 20. Bc4 Bb7 21. Bb5 Bd5
22. Nc4 Bxc4 23. Qxc4 g5 24. h3 Kg8 25. Bxd7 Nxd7 26. Qxe6+ 1-0

[Event "36 R.G.Nezhmetdinov Memorial"]
[Site ", "]
[Date "2014.06.06"]
[Round "7.32"]
[White "Askerov, Marat"]
[Black "Murtazin, Bulat"]
[Result "0-1"]
[WhiteElo "2085"]
[BlackElo "2176"]
[PlyCount "82"]
[EventDate "2014.??.??"]

1. d4 d5 2. c4 e6 3. Nf3 Nf6 4. g3 dxc4 5. Bg2 a6 6. O-O Nc6 7. Bg5 Be7 8. e3
Nd5 9. Bxe7 Ncxe7 10. Ne5 b5 11. Nd2 O-O 12. Ne4 Ng6 13. Nxg6 hxg6 14. Nc5 Rb8
15. b3 Nb6 16. f4 a5 17. Qe2 Nd7 18. Nxd7 Bxd7 19. bxc4 bxc4 20. Rfc1 Bb5 21.
Qe1 a4 22. Qa5 Qd6 23. Rab1 Qa3 24. Qd2 Ba6 25. Kf2 Rb6 26. Bf1 Rfb8 27. Rxb6
cxb6 28. Rc3 Qb4 29. a3 Qa5 30. Qb2 b5 31. Rxc4 bxc4 32. Qxb8+ Kh7 33. Qb2 c3
34. Qc2 Bxf1 35. Kxf1 Qb5+ 36. Ke1 Qb2 37. Kd1 Qxa3 38. Ke2 Qb2 39. Kd3 a3 40.
Qxb2 cxb2 41. Kc2 f5 0-1

[Event "36 R.G.Nezhmetdinov Memorial"]
[Site ", "]
[Date "2014.06.06"]
[Round "7.33"]
[White "Sadykov, Airat F"]
[Black "Vastrukhin, Oleg"]
[Result "0-1"]
[WhiteElo "2106"]
[BlackElo "2401"]
[PlyCount "94"]
[EventDate "2014.??.??"]

1. d4 Nf6 2. c4 g6 3. Nc3 d5 4. cxd5 Nxd5 5. e4 Nxc3 6. bxc3 Bg7 7. Be3 c5 8.
Nf3 O-O 9. Qd2 Qa5 10. Rc1 b6 11. Bh6 Ba6 12. Bxa6 Nxa6 13. h4 cxd4 14. Bxg7
Kxg7 15. cxd4 Nb4 16. Rc4 Nxa2 17. Qxa5 bxa5 18. Ra4 Nc3 19. Rxa5 Nxe4 20. Re5
Nd6 21. Rxe7 Nf5 22. Rc7 Rfd8 23. O-O Nxd4 24. Nxd4 Rxd4 25. Re1 a5 26. Ree7
Rf4 27. Ra7 Rxa7 28. Rxa7 a4 29. g3 Rb4 30. Kg2 h5 31. Ra6 Rc4 32. Ra7 Kf6 33.
Ra5 Ke6 34. Ra6+ Kd5 35. Rf6 a3 36. Ra6 Rc3 37. Ra4 Kc5 38. f3 Kb5 39. Ra7 Kb4
40. Rb7+ Kc4 41. Rxf7 a2 42. Ra7 Kb3 43. g4 Kb2 44. Rxa2+ Kxa2 45. gxh5 gxh5
46. Kg3 Kb3 47. Kf4 Kc4 0-1